Sports Quiz

Random Sports Quiz

Baltimore Ravens Receiving Leaders Quiz Stats

 Plays Quiz not verified by Sporcle

Score 0/25 Timer 05:00
0 Plays Today
Years Played Receiver name % Correct
2005-presentDerrick Mason
96.7%
2001-presentTodd Heap
90.7%
2010Anquan Boldin
82%
2008-presentRay Rice
81.3%
2000-2006Jamal Lewis
78%
2005-2009Mark Clayton
77.3%
1996-2001Jermaine Lewis
77.3%
2000-2001Shannon Sharpe
64%
1996-1998Michael Jackson
63.3%
2007-presentWillis McGahee
62.7%
2000-2004Travis Taylor
57.3%
2002-2005Chester Taylor
57.3%
1999-2001Qadry Ismail
54.7%
Years Played Receiver name % Correct
2006-2009Demetrius Williams
50%
1999-2002Brandon Stokley
48%
1998-2005Patrick Johnson
44%
1996-1997Derrick Alexander
37.3%
1998-2000Priest Holmes
34%
2003Marcus Robinson
26.7%
2004-2008Daniel Wilcox
20%
1996-1998Eric Green
17.3%
2002-2005Randy Hymes
9.3%
1999Justin Armour
6.7%
1996-1998Floyd Turner
4.7%
1996-1998Brian Kinchen
4.7%

You're not logged in!

Compare scores with friends on all Sporcle quizzes.
OR
Log In

Show Comments

Extras

Top Quizzes Today


Score Distribution

Your Account Isn't Verified!

In order to create a playlist on Sporcle, you need to verify the email address you used during registration. Go to your Sporcle Settings to finish the process.

Report this User

Report this user for behavior that violates our Community Guidelines.

Details: